Εφοδιαστική (Logistics) / Μια ποσοτική Προσέγγιση: Δεύτερη Έκδοση (Record no. 3373)
[ view plain ]
| 000 -LEADER | |
|---|---|
| fixed length control field | 01875cam a22002054a 4500 |
| 005 - ΗΜΕΡΟΜΗΝΙΑ ΚΑΙ ΩΡΑ ΤΕΛΕΥΤΑΙΑΣ ΕΝΗΜΕΡΩΣΗΣ | |
| Πεδίο ελέγχου | 20250605164113.0 |
| 008 - FIXED-LENGTH DATA ELEMENTS--GENERAL INFORMATION | |
| Πεδίο ελέγχου σταθερού μήκους | 250528s ||||||||||||||||||||||||d |
| 035 ## - SYSTEM CONTROL NUMBER | |
| System control number | 17979 |
| 020 ## - ISBN | |
| ISBN | 9789604617692 |
| 040 ## - ΠΗΓΗ ΚΑΤΑΛΟΓΟΓΡΑΦΗΣΗΣ | |
| Φορέας πρωτότυπης καταλογογράφησης | MC Athens Campus Library |
| Γλώσσα καταλογογράφησης | Ελληνικά, Μοντέρνα (1453-) |
| Modifying agency | MC Athens Campus Library |
| Κανόνες περιγραφικής καταλογογράφησης | AACR2 |
| 245 1# - ΤΙΤΛΟΣ ΚΑΙ ΔΗΛΩΣΗ ΥΠΕΥΘΥΝΟΤΗΤΑΣ | |
| Τίτλος | Εφοδιαστική (Logistics) / Μια ποσοτική Προσέγγιση: Δεύτερη Έκδοση |
| 250 ## - EDITION STATEMENT | |
| Edition statement | 2η |
| 260 ## - PUBLICATION, DISTRIBUTION, ETC. | |
| Name of publisher, distributor, etc. | Κλειδάριθμος, |
| Date of publication, distribution, etc. | 2017 |
| 300 ## - PHYSICAL DESCRIPTION | |
| Extent | 600 |
| 520 ## - SUMMARY, ETC. | |
| Summary, etc. | Στόχος αυτού του βιβλίου είναι η παρουσίαση μοντέλων και μεθόδων λύσεων που βοηθούν σημαντικά στον σχεδιασμό, την κατάρτιση του προγραμματισμού και τη λειτουργία των εφοδιαστικών δικτύων. Πρόλογος, Κατανόηση της Εφοδιαστικής Αλυσίδας, Σχεδιασμός Δικτύου Εφοδιαστικής Αλυσίδας, Πρόβλεψη της Ζήτησης σε μια Εφοδιαστική Αλυσίδα, Συγκεντρωτικός Προγραμματισμός στην Εφοδιαστική Αλυσίδα, Διαχείριση Αποθεμάτων Εφοδιαστικής Αλυσίδας χωρίς Αβεβαιότητα (Σταθερή Ζήτηση), Διαχείριση Αποθεμάτων Εφοδιαστικής Αλυσίδας με Αβεβαιότητα (Τυχαία Ζήτηση), Οι Μεταφορές στην Εφοδιαστική Αλυσίδα, Οι Πληροφορίες στην Εφοδιαστική Αλυσίδα, Συντονισμός της Εφοδιαστικής Αλυσίδας, Λεξικό Όρων, Βιβλιογραφία, Ευρετήριο. |
| 700 1# - ΠΡΟΣΘΕΤΗ ΑΝΑΓΡΑΦΗ--ΦΥΣΙΚΟ ΠΡΟΣΩΠΟ | |
| Personal name | Βιδάλης Μιχάλης |
| 9 (RLIN) | 4295 |
| 942 ## - ADDED ENTRY ELEMENTS (KOHA) | |
| Koha item type | Books |
| Τύπος τεκμηρίου | Βιβλιοθήκη | Τρέχουσα τοποθεσία | Barcode | Αριθμός εισαγωγής | Ημερομηνία απόκτησης | Ταξιθετικό σύμβολο | Αριθμός αντιτύπου | Κατάσταση απόσυρσης | Κατάσταση χαμένου | Κατάσταση κατεστραμμένου | Μη δανεισμός | Σύνολο δανεισμών | Ημερομηνία τελευταίας εμφάνισης | Χρονολογία τελευταίου δανεισμού | Η τιμή ισχύει από |
|---|---|---|---|---|---|---|---|---|---|---|---|---|---|---|---|
| Books | MC Athens Campus Library | MC Athens Campus Library | 9780000033727 | 7420 | 05/06/2025 | 658.5 VID | 1 | 1 | 13/11/2025 | 06/11/2025 | 05/06/2025 |